Congreso Decimotercero celebrado en la ciudad de Lisboa : (Record no. 46698)

MARC details
000 -LEADER
campo de control de longitud fija 00914nam a2200217 i 4500
001 - NÚMERO DE CONTROL
campo de control 46698
003 - IDENTIFICADOR DE NÚMERO DE CONTROL
campo de control ES-MaACL
005 - FECHA Y HORA DE LA ÚLTIMA TRANSACCIÓN
campo de control 20230906161430.0
007 - CAMPO FIJO DE DESCRIPCIÓN FÍSICA--INFORMACIÓN GENERAL
campo de control de longitud fija t|
008 - DATOS DE LONGITUD FIJA--INFORMACIÓN GENERAL
campo de control de longitud fija 030331m19311932sp 10110 spa d
080 ## - NÚMERO DE LA CLASIFICACIÓN DECIMAL UNIVERSAL
Número de la Clasificación Decimal Universal 001:061.31(469.411 L.)"1932"
080 ## - NÚMERO DE LA CLASIFICACIÓN DECIMAL UNIVERSAL
Número de la Clasificación Decimal Universal 061.31:001(469.411 L.)"1932"
110 2# - ENTRADA PRINCIPAL--NOMBRE DE ENTIDAD CORPORATIVA
Nombre de entidad corporativa o nombre de jurisdicción como elemento de entrada Asociación Española para el Progreso de las Ciencias.
Unidad subordinada Congreso (
Número del congreso/reunión o número de parte o sección 3º.
Fecha del congreso o de la firma del tratado 1932.
Sede del congreso/Lugar de la reunión Lisboa)
9 (RLIN) 175562
245 10 - MENCIÓN DEL TÍTULO
Título Congreso Decimotercero celebrado en la ciudad de Lisboa :
Resto del título del 15 al 21 de mayo de 1932 /
Mención de responsabilidad, etc. Asociación Española para el Progreso de las Ciencias.
260 ## - PUBLICACIÓN, DISTRIBUCIÓN, ETC.
Lugar de publicación, distribución, etc. Madrid :
Nombre del editor, distribuidor, etc. [s.n.,
Fecha de publicación, distribución, etc. 1931-1932] (
Fabricante Huelves y Cía.)
300 ## - DESCRIPCIÓN FÍSICA
Extensión 9 t. en 2 v. :
Otras características físicas il. ;
Dimensiones 24 cm.
650 #4 - PUNTO DE ACCESO ADICIONAL DE MATERIA--TÉRMINO DE MATERIA
Término de materia o nombre geográfico como elemento de entrada Ciencia-
Subdivisión de forma Congresos y asambleas.
9 (RLIN) 10938
650 #4 - PUNTO DE ACCESO ADICIONAL DE MATERIA--TÉRMINO DE MATERIA
Término de materia o nombre geográfico como elemento de entrada Ciencia-
Subdivisión geográfica España-
Subdivisión de forma Congresos y asambleas.
9 (RLIN) 10942
710 2# - ENTRADA AGREGADA--NOMBRE DE ENTIDAD CORPORATIVA
Nombre de entidad corporativa o nombre de jurisdicción como elemento de entrada Asociación Española para el Progreso de las Ciencias.
9 (RLIN) 1705
852 4# - LOCALIZACIÓN
Ubicación ES-MaACL
Número de control de estantería D-8652-53
Holdings
Estatus retirado Estado de pérdida Estado de daño No para préstamo Biblioteca de origen Biblioteca actual Ubicación en estantería Fecha de adquisición Fuente de adquisición Total de préstamos Signatura topográfica completa Código de barras Visto por última vez Precio de reemplazo Tipo de ítem Koha
        Biblioteca del Ateneo de Madrid Biblioteca del Ateneo de Madrid Sala Valle Inclán 17/01/2008     D-8652-53 901049117 23/02/2023 23/02/2023 Libro impreso